Score 0/16 Timer 03:00
3 Plays Today
Song Lyrics 5-Letter Word % Correct
''I'm so tired of _____ here, suppressed by all my childish fears''BEING
75.5%
''And the _____ on the wall has been stuck at 3 for days and days.''CLOCK
73.5%
''He's just a poor boy from a poor family.
_____ him his life from this monstrosity.''
SPARE
64.2%
''Ain't about the (yeah) ba-_____, ba-_____.''BLING
63.2%
''That long _____ cloud is comin’ down.''BLACK
62.5%
''Do you know that there's a chance for you?
'Cause there's a _____ in you.''
SPARK
58.7%
''_____ to MTV so they can teach me how to Dougie.''CLICK
57.8%
''Never knowing who to _____ to when the rain set in.''CLING
56.6%
Song Lyrics 5-Letter Word % Correct
''Lying in a den in Bombay with a _____ jaw and not much to say.''SLACK
55.7%
''I'm just a fool waiting on the wrong _____.''BLOCK
55%
''Have a drink, _____, found the Bud Light.''CLINK
52.4%
''People writing songs that voices never _____.''SHARE
51.4%
''We'll search for tomorrow on every _____.''SHORE
47.1%
''I'm all right, Jack. Keep your hands off of my _____.''STACK
46%
''The sharp knife of a _____ life, well, I've had just enough time.''SHORT
45%
''The amusement park rises bold and _____.''STARK
42.1%

Today's Daily Dose

Remove Ads.
Support Sporcle.
Get the best of Sporcle when you Go Orange. This ad-free experience offers more features, more stats, and more fun while also helping to support Sporcle. Thank you for becoming a member.

You're not logged in!

Compare scores with friends on all Sporcle quizzes.
OR
Log In

Show Comments

Extras

Top Quizzes Today


Score Distribution

Your Account Isn't Verified!

In order to create a playlist on Sporcle, you need to verify the email address you used during registration. Go to your Sporcle Settings to finish the process.

Report this User

Report this user for behavior that violates our Community Guidelines.

Details: